Intervención del presidente de la República de Guatemala en representación de los vicepresidentes centroamericanos /
Expone la intervención del vicepresidente de Guatemala en el congreso de Hamburgo en representación de los países centroamericanos. Da énfasis especialmente al proceso de paz centroamericano así como al proceso de desarrollo del istmo, cuyo éxito depende de la cooperación internacional en materia ec...
Gardado en:
| Autor Principal: | |
|---|---|
| Formato: | Texto |
| Materias: | |
| Etiquetas: |
Engadir etiqueta
Sen Etiquetas, Sexa o primeiro en etiquetar este rexistro!
|
MARC
| LEADER | 00000 a a2200000 04500 | ||
|---|---|---|---|
| 001 | 2581 | ||
| 003 | |||
| 040 | |||
| 100 | |a Carpio Nicolle, Roberto | ||
| 245 | |a Intervención del presidente de la República de Guatemala en representación de los vicepresidentes centroamericanos / |c Roberto Carpio Nicolle | ||
| 520 | |a Expone la intervención del vicepresidente de Guatemala en el congreso de Hamburgo en representación de los países centroamericanos. Da énfasis especialmente al proceso de paz centroamericano así como al proceso de desarrollo del istmo, cuyo éxito depende de la cooperación internacional en materia económica y asesoría política así como de la formación del parlamento centroamericano. OB/EL | ||
| 650 | |a POLITICA INTERNACIONAL | ||
| 650 | |a PAZ | ||
| 650 | |a DEMOCRATIZACION | ||
| 650 | |a PLANES DE PAZ | ||
| 650 | |a AYUDA ECONOMICA | ||
| 650 | |a DERECHOS HUMANOS | ||
| 650 | |a ORGANIZACIONES INTERNACIONALES | ||
| 650 | |a COOPERACION INTERNACIONAL | ||
| 650 | |a PARLAMENTO CENTROAMERICANO | ||
| 773 | |g número 317; páginas 14-16 | ||
| 999 | |c 35710 |d 35710 | ||
